Quizzes
Events
Quiz Creation
Community
Videos
Private Events
Remove Ads
Sign In
Join for FREE
Feedback
Dark Mode
Quiz Categories
Sports
Geography
Music
Movies
Television
Just For Fun
Miscellaneous
History
Literature
Language
Science
Gaming
Entertainment
Religion
Holiday
For Kids
Quiz Lab
Recent
Popular Today
Quiz Kudos Today
Editor Picks
Curator Picks
Quizzes by...
Day
Popularity
Type
Ratings
Length
Year
Community
Subscriptions
Recent Discussions
Orange Saloon
Badges
Playlists
Quests
Create
Leaderboards
Showdown
Live 5
Trivia Bingo
Activity
Puzzle Library
Sporcle Events
Private Events
Virtual Trivia
Globe League
Become a Host
Pub Owners
SporcleCon
Opinionation
Our Games
Videos
Blog
Mobile Apps
Partnerships
Remove Ads and Go Orange
Feedback
Gaming
Video Games
Board Games
Card Games
Pokémon
Mario
Nintendo
Minecraft
Console
Toys
Legend of Zelda
Gaming
Video Games
Board Games
Card Games
Pokémon
Mario
Nintendo
Minecraft
Console
Toys
Legend of Zelda
Random Quiz
Search Sporcle
×
Quiz Lab
Quiz Lab
Gaming
Undertale
Type in answers that appear in a list
Type in answers that appear in a list
Classic
Best Score? Go Orange.
All Main Undertale Characters Stats
Can you name the All Main Undertale Characters?
By
rafael3brun
15m
30 Questions
405 Plays
405 Plays
405 Plays
Comments
Comments
Give Quiz Kudos
Give Quiz Kudos
-
- Ratings
hide this ad
Replay
Link that replays current quiz
Next Quiz
Link to next quiz in quiz playlist
You Got
0%
They Got
Avg Score
56%
Avg Friend Score
Upgrade to see
Score Distribution
Jump to the score distribution portion of the page
Score
0/30
Timer
15:00
0
Plays Today
Hint
Answer
% Correct
'In This World Is Kill Or Be Killed
Flowey
96.5%
The Last Soul
Frisk
93.1%
'My Child'
Toriel
93.1%
'Human!'
Papyrus
89.1%
'And Now You're Going To Die'
Mettaton
86.1%
'So...You Don't Want To Be A Part Of My Fan Club'
Mettaton
86.1%
'We Reached The Absolute'
Chara
83.4%
'Sorry,Not Feeling Up Right Now'
Napstablook
81.2%
'Night',Day,Afternoon,Morning...'
Undyne
80.9%
'HoI'
Temmie
79%
'Let's See What Your Determination Can Do Against This '
Asriel
78.7%
'This is My Duty...'
Asgore
76%
'I Can't Tell The Truth'
Alphys
75.7%
'Don't Move'
Doggo
65.6%
'I'll Save Over Your Own Death'
Omega Flowey
61.6%
Hint
Answer
% Correct
'Rooff'
Greater Dog
57.7%
'Failures'!You're Fired'
Mad Dummy
55.9%
'I'm So Fabulous!'
Mettaton EX
53%
'Rooff''
Lesser Dog
51.2%
'Need muns'
Annoying Dog
48.3%
'A puppy can pet?'
Dogamy
46.8%
'It's Dinner Time!'
Muffet
45.5%
'Don't Leave Me Out Of That'
Dogaressa
41.6%
'Join Us'
Amalgam
29.2%
So,Sorry
13.9%
'My Determination Won't Let Me Die'
The Undying
10.6%
'Everytime You Die...'
Absolute God Of Hyperdeath
7.4%
'
01
6.7%
02
6.7%
'Entry Number 17''
Doctor Wing Ding Gaster
5.2%
Quiz Playlist
Details
Report
Send in Message
Add To Playlist
Classic:
Type in answers that appear in a list
Last Updated: Apr 8, 2017
Quiz Scoreboard
CHALLENGE
Sign Up to Join the Scoreboard
Show All
Scores
Hide
Comments
May contain spoilers
Recently Published
1-10 Letter E Words III
by El_Dandy
Language
2m
One Thing in Common: World Cities II
by knightlancer
Geography
7m
Popular People in 1961
by mucciniale
History
6m
More to Explore
Quiz From the Vault
Featured Blog Post
Where Did the Easter Bunny Come From?
hide this ad
You Might Also Like...
Tags
Character
Undertale
Today's Top Quizzes in Gaming
Browse Gaming
hide this ad
Top Contributed Quizzes in Gaming
1
Destiny 2 exotic weapons by perk icons
2
Who's on the WWE 2K24 Cover?
3
Windmill: Pokémon
4
Genshin Impact Logic Puzzle
5
Overwatch 2: Ultimate Ability Icons
6
Overwatch 2 Heroes by Selection Quote
7
Genshin murder mystery
8
Legendary or Exotic?
9
Overwatch Logic Puzzle
10
Genshin Impact Logic Puzzle Quiz II
Explore More
Trending Topics
Harry Potter
Crossword
NBA
Disney
Marvel
Anime
Kpop
Puzzle
WWE
Soccer
The Office
NFL
Pokémon
Country
Song
hide this ad
More By:
rafael3brun
Quiz
Plays
Rating
Category
Featured
Created
All Main Undertale Characters
405
1.67
Gaming
Jan 19, 2017
Go to Creator's Profile
Score Distribution
Quiz Creator Spotlight
rafael3brun
Follow
Send a Message
Quizzes Created
-
Created Quiz Play Count
-
More By This Creator
Popular Quizzes Today
1
Find the US States - No Outlines Minefield
2
The Countries of the World
3
Popular People in 1961
4
Find the Countries of Europe - No Outlines Minefield
5
1-10 Letter E Words III
6
Find the US States
7
One Thing in Common: World Cities II
8
US States
More Gaming Quizzes
The First Ten... Best Selling Board Games in the World
Quiz Lab
Trending Quizzes
1-10 Letter F Words
One Thing in Common: Music
1-10 Letter G Words
Risky Map Clicking: Next State Alphabetically
1-10 Letter F Words II
Recently Updated
Leaping Animals
pecheneg
Reality TV Shows (A-Z)
bhenderson79
Rickey Henderson's Hall of Fame Teammates
pecheneg
Champions League XIs: Arsenal
pecheneg
Quick Pick: Celebrities in WWE's Hall of Fame
aduchscher
A-Z Keypad Blitz II
pecheneg
Multiple Oscar Actors
pecheneg
Mystery Phrase Blitz: Oscar 'Best Actors'
pecheneg
F. Scott Fitzgerald Novels
LTH
Pick 3 Villains
ddd62291
Trending Topics
Crossword
Disney
NBA
Marvel
Harry Potter
Kpop
Anime
Song
NFL
The Office
Puzzle
Pokémon
Soccer
WWE
Country
Your Account Isn't Verified!
In order to create a playlist on Sporcle, you need to verify the email address you used during registration. Go to your
Sporcle Settings
to finish the process.
Report this User
Report this user for behavior that violates our
Community Guidelines
.
Details:
Send Report
Go to the Sporcle.com Mobile Site →
Comments